000
00224nam a22000857a 4500
008
170111b xxu||||| |||| 00| 0 eng d
100
_9
2308
_a
Bhatt. R. L
245
_a
ABC of Social Science-8
260
_a
New Delhi
_b
Holy Faith
_c
2006
999
_c
5224
_d
5224